EPIC: The Musical - Guess the Song by the Lyric - Statistics

General Stats
  • This quiz has been taken 19,139 times
    14,085 since last reset
  • The average score is 27 of 40
Answer Stats
Hint Answer % Correct
Don't tell me you're not the same person Would You Fall In Love With Me Again
86%
My life has one mission, create the greatest warrior Warrior of the Mind
85%
Hides inside a wooden horse to get the job done God Games
84%
A man with a trail of bodies (WHO?) No Longer You
79%
There lies such a power to take her on Wouldn't You Like
79%
'Cause I got this root from the ground with my bare hands Done For
78%
A gift from you and a gift from me Polyphemus
78%
And our comrades will not die in vain Remember Them
78%
Or does he throw away his remorse and save more lives with guile Monster
76%
Welcome to the best part of your lives Puppeteer
76%
Nah, you wouldn't have spared me Different Beast
75%
No idea if you're dead, or just too far Legendary
75%
I thought for sure that you were my dream come true Not Sorry for Loving You
75%
Deep down, we're lonely demons from hell Scylla
75%
'Cause I'd rather die than grow old without the best of you The Challenge
75%
Can't you guys see we're bein' played? Hold Them Down
72%
But I've got one endeavor, there's a girl I have to see I Can't Help But Wonder
70%
I see an island, I see a light that faintly glows Full Speed Ahead
69%
We're only here for food Open Arms
69%
Well, you asked and now you know Suffering
69%
Guess the pack of wolves is swimming with the shark now Ruthlessness
67%
See if you don't spit it out soon all that water will destroy you Charybdis
66%
What's a title that a goddess could lend My Goodbye
66%
Your past is always close behind The Underworld
65%
Calling their captain in vain Six Hundred Strike
64%
One fueled with rage as you're consumed by age The Horse and the Infant
63%
Every comrade I long knew, every friend, I saw them die Love In Paradise
62%
Stand up and fight for your lives Survive
62%
Somethin' dangerous, friends, we mustn't lag Keep Your Friends Close
61%
I've seen plenty enough to truly understand this kind of filth Little Wolf
61%
It's been ten years, how long will this go? Get in the Water
59%
Fight your way through, do what you must do Dangerous
58%
Even after all the years away from what I've known Just a Man
58%
Let's have open arms instead Odysseus
56%
Maybe one day the world will need a puppeteer more There Are Other Ways
56%
Grab an oar with all the strength your arms allow Mutiny
55%
I know it's light you'll find We'll Be Fine
55%
I understand that we're tired, I understand that were fazed Luck Runs Out
54%
At this rate, we wont make it out alive Storm
52%
Here to yield your time for you have passed your prime Thunder Bringer
52%
No matching quizzes found
Score Distribution
Percent of People with Each Score
Percentile by Number Answered
Your Score History
You have not taken this quiz since the last reset